000 01047cam a22003257a 4500
003 CHAP
005 20220329133324.0
008 971013s1976 r 00010 d
010 _a4865
011 _a5837
035 _a5053
040 _cCHAP
090 _aFolleto 13704
100 0 0 _aGreacen, E.
_950522
245 1 2 _aA water balance model and supply index for wheat in south Australia
260 _aMelbourne :
_bCommonwealth Scientific and Industrial Research Organization. Division of Soils,
_c1976
300 _a33 p.
490 0 _aTechnical paper
_v; 27
590 _aBATCH-UPD
_b10
_c20130110
_lUCH01
_h1714
590 _aBATCH-UPD
_b10
_c20130410
_lUCH01
_h1059
590 _aBATCH-UPD
_b10
_c20130914
_lUCH01
_h0525
590 _aCONVERSION
_b10
_c20130109
_lUCH01
_h1304
650 1 4 _aBalance hídrico.
_99602
650 1 4 _aTrigo
_xAgua requerida.
_9114956
700 0 _aHignett, C. T.
_955339
830 0 _aTechnical paper
_v; 27
_9111899
901 _aBK
942 _cFOLL
949 _aFolleto 13704
_bBC
_cFOLL
_d-14620
_eTS1
_i5053
_si
999 _c4865
_d4865